000 00442nam a2200169Ia 4500
008 130611t2012 xxu||||| |||| 00| 0 sin d
041 _asin
080 _aX8S31
_bRAH
100 _aRahubadda, Sumithra
245 _aබුමුතුරුණු
246 _aBumuthurunu
260 _bPlatForm For AlternateCulture
_aNugegoda
_c2012
300 _a200p., 18 cm
942 _cBK
999 _c73949
_d73949
003 LK-CoDNM
040 _aLK-CoDNM
_dLK-CoDNM
_eLK-CoDNM